Kontexte - Spinoza und die Geschichte der Philosophie

Titel: Kontexte - Spinoza und die Geschichte der Philosophie / hrsg. von Henryk Pisarek ...
Beteiligt:
Veröffentlicht: Wrocław, 2001
Umfang: 326 Seiten
Format: Buch
Sprache: Deutsch
Schriftenreihe/
mehrbändiges Werk:
Acta Universitatis Wratislaviensis ; 2279
RVK-Notation:
Schlagworte:
ISBN: 8322921691
Buchumschlag
X
Lokale Klassifikation: 2 S 3109
alg: 10568582
001A    $03004:17-07-02 
001B    $01999:12-03-25 $t14:25:05.000 
001D    $03004:17-07-02 
001U    $0utf8 
001X    $00 
002@    $0Aau 
002C    $aText $btxt $2rdacontent 
002D    $aohne Hilfsmittel zu benutzen $bn $2rdamedia 
002E    $aBand $bnc $2rdacarrier 
003@    $0105685828 
003O    $049946505 $aOCoLC 
004A    $083-229-2169-1 
006G    $0964720027 
006U    $002,A36,0194 
007A    $0105685828 $aHEB 
007I    $0thf41831 
007T    $0Herdhh105685828 
009P    $qapplication/pdf $A2 $3Inhaltsverzeichnis $uhttp://scans.hebis.de/HEBCGI/show.pl?10568582_toc.pdf $mV:DE-604 
010@    $ager 
011@    $a2001 
013D    $#Beiträge Formschlagwort $#Einzelbeiträge $#Sammelwerk Formschlagwort $74143413-4 $8Aufsatzsammlung [Ts1] $9085562742 
021A    $aKontexte - Spinoza und die Geschichte der Philosophie $hhrsg. von Henryk Pisarek ... 
028C    $BHerausgeber $#Pisarek, Henrik $4edt $7 $8Pisarek, Henryk [Tnd] $9138933642 
033A    $pWrocław 
034D    $a326 Seiten 
036E    $aActa Universitatis Wratislaviensis $l2279 
036F    $x42279 $8Acta Universitatis Wratislaviensis $9028908538 $l2279 
037A    $aLiteraturangaben 
041A/80 $i4.7p $i4.5 $i4.2 
041A/90 $hXA-NL 
044K    $qDNB $#Spinoza, Benedictus de $#Spinoza, Baruch $#שפינוזה, ברוך בן מיכאל $#Spinoza, Benedictus $#Spinoza, Benedictus Baruch de $#Spinoza, Benedict $#Spinoza, Benedict von $#Spinoza, Benedict de $#Spinoza, B. de $#Spinoza, B. $#Spinoza, Benedikt $#Spinoza, Benedikt de $#Spinoza, Benedikt von $#Spinoza, Benediktus von $#Spinoza, Benodicirct de $#Spinoza, Baruch Benedictus de $#Spinoza, Baruch Benedictus von $#Spinoza, Baruch von $#Spinoza, Baruch $#Spînôzā, Bārûḵ $#Spînôzā, Bārûḵ Ben-Miḵaʾel $#Spinoza, Baruj $#Spinoza, Benoît de $#Spinoza, Ben-Michael $#Spinoza, Bento de $#Spinoza $#Spinosa, Bénédict $#Spinosa, Bénédict de $#Spinosa, Benedictus de $#Spinosa, Benedikt von $#Spinosa, Benedikt $#Spinosa, Benoit de $#Spinosa, Benoît $#Shpinozah, Barukh $#Shpinozah, Barukh ben Mikhaʾel $#S., B. d. $#D'Espinoza, Baruh $#Despinoza, Benedictus $#Despinoza Benedictus $#Espinosa, Baruch de $#Espinosa, Bento de $#Espinoza, Baruch de $#Espinoza, Baruh d' $#Ispīnūzā, Bārūh $#B. D. S. $#B.D.S. $#Baruch von Spinoza $#Baruch de Spinoza $#Benedikt von Spinoza $#Antistius Constans, Lucius $#Constans, Lucius Antistius $#Constans, Lucius A. $#Sibinnuosuo $#Spinoza, Baruch de $#de Spinoza, Baruch $#Spinoza, Benedict de $#Spinosa, Benedict von $#Špinoza, Borech $#Špinoze, Borech $#Spinoza $#Спиноза, Бенедикт $#שפינוזה, בנדיקטוס דה $#שפינוזה, ברוך בן מיכאל דה $#اسپینوزا, باروخ $#سبينوزا, باروخ $#שפינוזה, ברוך $#שפינאזע, ברוך $7118616242 $8Spinoza, Benedictus$cde$Z1632-1677 [Tp1] $9086957198 
044K    $qDNB $RPhilosophie $RPolitische Theorie $RPolitisches Denken $RStaatslehre $RSozialphilosophie $#Political science Philosophy $#Philosophie politique $#Filosofia politica $#Politische Philosophie $#politische Philosophie $#Politische Philosophie $#Staatsauffassung Politische Philosophie $#Staatsgedanke Politische Philosophie $#Staatsphilosophie $74076226-9 $8Politische Philosophie [Ts1] $9085216097 
044K    $qDNB $RAuswirkung $RFortleben $#Influence (Literary, artistic, etc.) $#Influence littéraire, artistique, etc. $#Rezeption $#Fortwirken $#Nachwirkung Rezeption $#Nachleben $#Wirkungsgeschichte $#Aneignung Rezeption $74049716-1 $8Rezeption [Tsz] $9085138584 
045E    $a10 
045Z    $8CF 8313 [Tkv] $9407618759 
045Z    $8CF 8317 [Tkv] $9407618791 

lok: 10568582 24
101B    $005-12-02 $t18:49:01.901 
101C    $017-07-02 
145Z/01 $a2 S 3109 
101U    $0utf8 

exp: 10568582 24 1 #EPN
201B/01 $018-12-02 $t03:49:34.976 
201C/01 $017-07-02 
203@/01 $0172956757 
208@/01 $a17-07-02 $bz 
209A/01 $a02.1345 $du $f050 $h02 1345 $x00 
209C/01 $a02.1345 T $h02 1345 T 
209G/01 $a70565447 $x00 
247C/01 $8358050-7 Marburg, Bibliothek des Herder-Instituts Marburg $9102600961 
201U/01 $0utf8 

lok: 10568582 76
101B    $010-12-14 $t18:31:33.000 
101U    $0utf8 
144Z/01 $aSpinoza, Benedictus de 
144Z/02 $aPolitische Philosophie 
144Z/03 $aRezeption 
144Z/04 $aAufsatzsammlung 
144Z/05 $aDemokrit 
144Z/06 $aDemocritus  
144Z/07 $aHeraklit 
144Z/08 $aHeraclitus  
144Z/09 $aSuárez, Francisco 
144Z/10 $aPotestas multitudinis 
144Z/11 $aPotentia multitudinis 
144Z/12 $aTschirnhaus, Ehrenfried Walther von 
144Z/13 $aÖkologie 
144Z/14 $aKant, Immanuel 
144Z/15 $aAusdehnung 
144Z/16 $aAnschauung 
144Z/17 $aLessing, Gotthold Ephraim 
144Z/18 $aSpinozismus 
144Z/19 $aHermetik 
144Z/20 $aGoethe, Johann Wolfgang von 
144Z/21 $aSchelling, Friedrich Wilhelm Joseph 
144Z/22 $aAntispinozismus 
144Z/23 $aHegel, Georg Wilhelm Friedrich 
144Z/24 $aDialektik 
144Z/25 $aSchleiermacher, Daniel Friedrich Ernst 
144Z/26 $aNietzsche, Friedrich 
144Z/27 $aEthik 
144Z/28 $aMoralkritik 
144Z/29 $aBerdjaev, Nikolaj 
144Z/30 $aBerdjajew, Nikolai 
144Z/31 $aSchestow, Lew 
144Z/32 $aSestov, Lev 
144Z/33 $aHeidegger, Martin 
144Z/34 $aBloch, Ernst 
144Z/35 $aSpinoza, Benedictus de / Ethica ordine geometrico demonstrata 
144Z/36 $aHeidegger, Martin / Was ist das - die Philosaophie? 

exp: 10568582 76 1 #EPN
201B/01 $018-08-22 $t07:44:20.000 
201U/01 $0utf8 
203@/01 $0746198442 
208@/01 $a03-12-14 $br 
209A/01 $aPhil 1632 Spi./318 $du $f000 $hPhil 1632 Spi  318 $x00 
209C/01 $a2002:2146 $h2002 2146 
209G/01 $aFUL2$0361460 $x00 
209G/01 $aLesesaal: Fachseminare $x01 
237A/01 $aBeitr. teilw. dt., teilw. engl. - Literaturangaben 
245S/01 $aphil $x01 
247C/01 $8648002-0 Fulda, Bibliothek des Bischöflichen Priesterseminars $9320103366 

lok: 10568582 78

exp: 10568582 78 1 #EPN
201B/01 $019-04-17 $t19:02:23.000 
201U/01 $0utf8 
203@/01 $0793484693 
208@/01 $a12-11-16 $be 
209A/01 $a/ $f000 $x00 
237A/01 $aweiterführende Signatur(en): Herder-Institut: 02.1345 
244Z/01 $aPolitische Philosophie $x01 
244Z/01 $aRezeption $x02 
244Z/01 $2Trx $#dzieło zbiorowe $8--Trx--Sammelwerk $x03 $9391384597 
247C/01 $82080>Marburg/Lahn, Herder-Institut, Forschungsbibliothek, Bibliographieportal $9336309341
LEADER 00000cam a2200000 c 4500
001 105685828
003 DE-603
005 20250312142505.0
007 tu
008 020717s2001 xx |||| | u00||u|ger
015 |a 02,A36,0194  |2 dnb 
016 7 |2 DE-101  |a 964720027 
020 |a 8322921691 
035 |a (DE-599)HEB105685828 
035 |a (OCoLC)49946505 
040 |a DE-603  |b ger  |c DE-603  |d DE-603 
041 |a ger 
043 |c XA-NL 
084 |a 10  |q DE-101  |2 sdnb 
084 |a CF 8313  |0 (DE-625)18148:11612  |0 (DE-603)407618759  |2 rvk 
084 |a CF 8317  |0 (DE-625)18148:11616  |0 (DE-603)407618791  |2 rvk 
084 |a 4.7p  |a 4.5  |a 4.2  |q DE-101  |2 sdnb 
245 0 0 |a Kontexte - Spinoza und die Geschichte der Philosophie  |c hrsg. von Henryk Pisarek ... 
264 1 |a Wrocław  |c 2001 
300 |a 326 Seiten 
336 |a Text  |b txt  |2 rdacontent 
337 |a ohne Hilfsmittel zu benutzen  |b n  |2 rdamedia 
338 |a Band  |b nc  |2 rdacarrier 
490 1 |a Acta Universitatis Wratislaviensis  |v 2279 
500 |a Literaturangaben 
600 1 7 |a Spinoza, Benedictus de  |d 1632-1677  |0 (DE-588)118616242  |0 (DE-603)086957198  |2 gnd 
650 7 |a Politische Philosophie  |0 (DE-588)4076226-9  |0 (DE-603)085216097  |2 gnd 
650 7 |a Rezeption  |0 (DE-588)4049716-1  |0 (DE-603)085138584  |2 gnd 
655 7 |a Aufsatzsammlung  |2 gnd-content  |0 (DE-588)4143413-4  |0 (DE-603)085562742 
700 1 |a Pisarek, Henryk  |e Herausgeber  |4 edt  |0 (DE-603)138933642 
810 2 2 |a Uniwersytet Wrocławski  |t Acta Universitatis Wratislaviensis  |v 2279  |w (DE-603)028908538  |w (DE-600)1179289-9  |9 42279  |7 as 
856 4 2 |m V:DE-604  |q application/pdf  |u http://scans.hebis.de/HEBCGI/show.pl?10568582_toc.pdf  |3 Inhaltsverzeichnis 
924 0 |9 Mb 50  |a (DE-603)172956757  |b DE-Mb50  |c HES  |d c  |g 02.1345 
924 0 |9 Ful 2  |a (DE-603)746198442  |b DE-Ful2  |c HES  |d d  |g Phil 1632 Spi./318 
924 0 |9 2080  |a (DE-603)793484693  |b DE-2080  |c HES  |d d  |g /